Educaction newsletter / World Council Churches (Registro nro. 42055)
[ vista simple ]
| 000 -LÍDER | |
|---|---|
| Campo fijo de descripción fija | 004380000a22001330004500 |
| 001 - NÚMERO DE CONTROL | |
| Campo de control | 13061 |
| 041 0# - CÓDIGO DE IDIOMA | |
| Código de idioma para texto/pista de sonido o título separado | |
| 082 04 - NÚMERO DE CLASIFICACIÓN DECIMAL DEWEY | |
| Número de clasificación | AV 0011 |
| 245 10 - TÍTULO | |
| Título del Material | Educaction newsletter / World Council Churches |
| 300 ## - DESCRIPCIÓN FÍSICA | |
| Extensión | 16 Pag |
| 500 ## - NOTA GENERAL | |
| Nota General | Folleto |
| 505 00 - NOTA DE CONTENIDO | |
| Nota de contenido con formato preestablecido | - Christian education in pluralist societies - The role of religion in the search for harmony - Working together in a multicultural, multifaith community in Toronto, Canada |
| 942 ## - TIPO DE MATERIAL (KOHA) | |
| Tipo de Item KOHA | Libros General |
| Estado de Material | Estado de Perdido | Estado de Dañado | No para Préstamo | Colección | Tomo | Biblioteca de Origen | Biblioteca Permanente | Fecha de Adquisición | Total de Préstamos | Signatura Topográfica | Código de Barras | Última vez visto | Ejemplar/Existencia | Fecha de Remplazo | Tipo de Material |
|---|---|---|---|---|---|---|---|---|---|---|---|---|---|---|---|
| Colección Folletos | Biblioteca FUSBC | Biblioteca FUSBC | 12/10/2005 | AV 0011 | 23170 | 12/12/2019 | 1 | 26/01/2016 | Documentos Archivo Vertical |
